[Event "MDA-ch"]
[Site "Kishinev"]
[Date "2022.02.27"]
[Round "9"]
[White "Soltanici, Ruslan"]
[Black "Agafii, Victor"]
[Result "1/2-1/2"]
[WhiteElo "2387"]
[BlackElo "2259"]
[PlyCount "33"]
[EventDate "2022.02.19"]
[EventType "swiss"]
[EventRounds "9"]
[EventCountry "MDA"]
[SourceTitle "EXT 2023"]
[Source "ChessBase"]
[SourceDate "2022.10.05"]
[SourceVersion "1"]
[SourceVersionDate "2022.10.05"]
[SourceQuality "1"]

1. e4 e6 2. d4 d5 3. exd5 exd5 4. Nf3 Nf6 5. Bd3 Bd6 6. 0-0 0-0 7. Bg5 Bg4 8. c3 c6 9. Nbd2 Nbd7 10. Qc2 Qc7 11. Bh4 Bh5 12. Bg3 Bxg3 13. hxg3 Bg6 14. Rfe1 Rfe8 15. Bxg6 hxg6 16. Rxe8+ Rxe8 17. Re1 1/2-1/2

[Event "MDA-ch"]
[Site "Kishinev"]
[Date "2022.02.22"]
[Round "4"]
[White "Sapocinic, Semion"]
[Black "Agafii, Victor"]
[Result "1-0"]
[WhiteElo "1918"]
[BlackElo "2259"]
[PlyCount "71"]
[EventDate "2022.02.19"]
[EventType "swiss"]
[EventRounds "9"]
[EventCountry "MDA"]
[SourceTitle "CBM 207 Extra"]
[Source "ChessBase"]
[SourceDate "2022.05.31"]
[SourceVersion "1"]
[SourceVersionDate "2022.05.31"]
[SourceQuality "1"]

1. c4 e5 2. Nf3 Nf6 3. g3 b6 4. Bg2 Bb7 5. 0-0 d5 6. b3 Be7 7. Bb2 0-0 8. e3 c5 9. Nc3 dxc4 10. bxc4 Nc6 11. Qe2 Rc8 12. Ne1 Qd7 13. f4 Rfd8 14. d3 Ne8 15. g4 a6 16. g5 Na5 17. Bxb7 Qxb7 18. a4 Nd6 19. Rf3 g6 20. Rh3 Ra8 21. Qg4 h5 22. gxh6 Kh7 23. Nf3 Naxc4 24. dxc4 Nxc4 25. f5 Nxb2 26. fxg6+ fxg6 27. Nxe5 Rg8 28. Rf1 Raf8 29. Rxf8 Bxf8 30. Rf3 Bxh6 31. Rf7+ Qxf7 32. Nxf7 Bxe3+ 33. Kg2 Rf8 34. Qh3+ Kg7 35. Qxe3 Rxf7 36. Qe2 1-0

[Event "MDA-ch FL op"]
[Site "Kishinev"]
[Date "2015.12.12"]
[Round "8"]
[White "Agafii, Victor"]
[Black "Romcovici, Victor"]
[Result "1-0"]
[WhiteElo "2269"]
[BlackElo "2141"]
[PlyCount "89"]
[EventDate "2015.12.05"]
[EventType "swiss"]
[EventRounds "9"]
[EventCountry "MDA"]
[SourceTitle "EXT 2022"]
[Source "ChessBase"]
[SourceDate "2021.10.06"]
[SourceVersion "1"]
[SourceVersionDate "2021.10.06"]
[SourceQuality "1"]

1. d4 Nf6 2. c4 Nc6 3. Nf3 e6 4. a3 Ne7 5. Nc3 d5 6. Qc2 Nf5 7. e3 c6 8. c5 g6 9. b4 Bg7 10. Bd3 0-0 11. Bb2 Ng4 12. h3 Ngh6 13. g3 f6 14. e4 Ne7 15. e5 Nf7 16. Qe2 Qc7 17. Nb1 b6 18. Nbd2 bxc5 19. bxc5 Rb8 20. Bc3 Nf5 21. exf6 Bxf6 22. g4 Nh4 23. Nxh4 Bxh4 24. Nf3 Bxf2+ 25. Qxf2 Ng5 26. Nxg5 Rxf2 27. Kxf2 e5 28. dxe5 Qe7 29. Nf3 Rb3 30. Rhc1 Qxc5+ 31. Bd4 Qf8 32. Bc5 Qf7 33. Be2 Ba6 34. Rab1 Qf4 35. Rxb3 Qxc1 36. Rb8+ Kf7 37. Be3 Qxa3 38. Ra8 Bxe2 39. Rxa7+ Qxa7 40. Bxa7 Bb5 41. Nd4 Ba4 42. g5 Ke7 43. Ke3 Kd7 44. Kf4 Bd1 45. Bc5 1-0

[Event "MDA-ch"]
[Site "Kishinev"]
[Date "2015.02.02"]
[Round "7"]
[White "Agafii, Victor"]
[Black "Iovcov, Valerii"]
[Result "0-1"]
[WhiteElo "2235"]
[BlackElo "2368"]
[PlyCount "68"]
[EventDate "2015.01.27"]
[EventType "tourn"]
[EventRounds "11"]
[EventCountry "MDA"]
[EventCategory "2"]
[SourceTitle "CBM 164 Extra"]
[Source "ChessBase"]
[SourceDate "2015.03.02"]
[SourceVersion "1"]
[SourceVersionDate "2015.03.02"]
[SourceQuality "1"]

1. d4 Nf6 2. c4 e6 3. Nc3 Bb4 4. Nf3 0-0 5. Bg5 c5 6. e3 cxd4 7. exd4 h6 8. Bh4 d5 9. Qb3 Nc6 10. 0-0-0 Be7 11. Ne5 Na5 12. Qc2 dxc4 13. Nxc4 Nxc4 14. Bxc4 b5 15. Bxb5 Bb7 16. Kb1 Rc8 17. Bxf6 Bxf6 18. Qd3 Qa5 19. Bc4 Rfd8 20. Ne2 e5 21. d5 e4 22. Qb3 Rb8 23. Qb5 Qxb5 24. Bxb5 Bxd5 25. a4 e3 26. fxe3 a6 27. Bxa6 Be4+ 28. Ka2 Rxb2+ 29. Ka3 Ra8 30. Bc4 Bc6 31. Nd4 Rb6 32. Nxc6 Bb2+ 33. Ka2 Rxa4+ 34. Kb1 Bf6+ 0-1

[Event "MDA-ch"]
[Site "Kishinev"]
[Date "2015.01.31"]
[Round "5"]
[White "Agafii, Victor"]
[Black "Morozov, Nichita"]
[Result "0-1"]
[WhiteElo "2235"]
[BlackElo "2271"]
[PlyCount "136"]
[EventDate "2015.01.27"]
[EventType "tourn"]
[EventRounds "11"]
[EventCountry "MDA"]
[EventCategory "2"]
[SourceTitle "CBM 164 Extra"]
[Source "ChessBase"]
[SourceDate "2015.03.02"]
[SourceVersion "1"]
[SourceVersionDate "2015.03.02"]
[SourceQuality "1"]

1. e4 d6 2. d4 Nf6 3. f3 d5 4. e5 Nfd7 5. c4 dxc4 6. Bxc4 Nb6 7. Bb3 Nc6 8. Ne2 Bf5 9. 0-0 e6 10. Nbc3 Qd7 11. Be3 Be7 12. Ng3 Bg6 13. f4 0-0-0 14. d5 exd5 15. Bxb6 axb6 16. f5 Bc5+ 17. Kh1 Nxe5 18. Bxd5 f6 19. Be6 Qxe6 20. fxe6 Rxd1 21. Raxd1 Re8 22. Nge4 Bf8 23. h3 Rxe6 24. Rfe1 c6 25. Rd4 b5 26. Red1 Be7 27. b4 Nc4 28. Nc5 Rd6 29. a4 b6 30. axb5 bxc5 31. Rxc4 Rxd1+ 32. Nxd1 cxb5 33. Rc1 c4 34. Nc3 Bxb4 35. Nxb5 Bd3 36. Kg1 Bc5+ 37. Kh2 Kb7 38. Kg3 Kc6 39. Nc3 Be3 40. Rd1 Bd4 41. Na2 Kc5 42. Kf3 f5 43. Kf4 Be4 44. g4 g6 45. h4 c3 46. Nxc3 Bxc3 47. gxf5 Bxf5 48. h5 Bc2 49. Rd8 gxh5 50. Rc8+ Kb4 51. Rb8+ Kc4 52. Rc8+ Kb3 53. Rb8+ Bb4 54. Kg3 Bg6 55. Kh4 Kc4 56. Rc8+ Kd5 57. Rd8+ Ke6 58. Kh3 Be7 59. Rb8 Bf5+ 60. Kg2 h4 61. Rb3 Bg4 62. Re3+ Kf6 63. Rd3 Kg6 64. Rb3 Bg5 65. Rb6+ Kh5 66. Rb3 Bf5 67. Rb5 Be6 68. Rb6 h3+ 0-1

[Event "MDA-ch"]
[Site "Kishinev"]
[Date "2014.02.15"]
[Round "6"]
[White "Iovcov, Valerii"]
[Black "Agafii, Victor"]
[Result "0-1"]
[WhiteElo "2200"]
[BlackElo "2262"]
[PlyCount "100"]
[EventDate "2014.02.10"]
[EventType "tourn"]
[EventRounds "11"]
[EventCountry "MDA"]
[SourceTitle "CBM 158 Extra"]
[Source "ChessBase"]
[SourceDate "2014.02.28"]
[SourceVersion "1"]
[SourceVersionDate "2014.02.28"]
[SourceQuality "1"]

1. e4 c5 2. Nf3 d6 3. c3 Nf6 4. Be2 g6 5. 0-0 Nbd7 6. d3 Bg7 7. Nbd2 0-0 8. a3 Qc7 9. Re1 d5 10. Bf1 e5 11. Qb3 Nb6 12. a4 a5 13. Nxe5 Nxe4 14. dxe4 Bxe5 15. Nf3 c4 16. Qc2 Bg7 17. Nd4 Bd7 18. exd5 Nxd5 19. Bd2 Qc5 20. Be3 Nxe3 21. Rxe3 Rac8 22. g3 Rfd8 23. Rd1 Bg4 24. Be2 Bxd4 25. cxd4 Rxd4 26. Rxd4 Qxd4 27. Re4 Bf5 28. Rxd4 Bxc2 29. Bxc4 Bxa4 30. Bxf7+ Kxf7 31. Rxa4 b6 32. Ra3 Ke6 33. Rb3 Rc6 34. Rb5 Kd6 35. Kg2 Kc7 36. g4 Rc2 37. Kg3 Kc6 38. Rb3 a4 39. Rb4 b5 40. f4 Kc5 41. Re4 Rxb2 42. f5 gxf5 43. gxf5 Rd2 44. f6 Rd8 45. f7 Rf8 46. Re7 a3 47. Ra7 Kb4 48. Kf4 Kb3 49. Kf5 a2 50. Kf6 Kb2 0-1

[Event "MDA-ch"]
[Site "Kishinev"]
[Date "2014.02.13"]
[Round "4"]
[White "Gorbanovsky, Oleg"]
[Black "Agafii, Victor"]
[Result "1/2-1/2"]
[WhiteElo "2139"]
[BlackElo "2262"]
[PlyCount "48"]
[EventDate "2014.02.10"]
[EventType "tourn"]
[EventRounds "11"]
[EventCountry "MDA"]
[SourceTitle "CBM 158 Extra"]
[Source "ChessBase"]
[SourceDate "2014.02.28"]
[SourceVersion "1"]
[SourceVersionDate "2014.02.28"]
[SourceQuality "1"]

1. e4 c5 2. Nf3 e6 3. b3 d6 4. Bb2 Nf6 5. e5 dxe5 6. Nxe5 Nbd7 7. f4 Bd6 8. Na3 0-0 9. Bd3 Nd5 10. Qf3 a6 11. 0-0 Rb8 12. Nac4 Bc7 13. Qh3 f5 14. Nxd7 Bxd7 15. Ne5 Bxe5 16. Bxe5 Rc8 17. Be2 Bc6 18. a4 Rf7 19. Rad1 Nf6 20. Qe3 Qd5 21. Bf3 Qd7 22. Be2 Qd5 23. Bf3 Qd7 24. Be2 Qd5 1/2-1/2

[Event "Chebanenco Memorial"]
[Site "Kishinev"]
[Date "2013.02.23"]
[Round "4"]
[White "Agafii, Victor"]
[Black "Golub, Dan"]
[Result "0-1"]
[WhiteElo "2246"]
[BlackElo "2277"]
[PlyCount "94"]
[EventDate "2013.02.21"]
[EventType "tourn"]
[EventRounds "9"]
[EventCountry "MDA"]
[SourceTitle "EXT 2014"]
[Source "ChessBase"]
[SourceDate "2013.11.20"]
[SourceVersion "1"]
[SourceVersionDate "2013.11.20"]
[SourceQuality "1"]

1. d4 Nf6 2. c4 g6 3. Nc3 Bg7 4. e4 d6 5. f3 0-0 6. Bg5 c5 7. d5 e6 8. Qd2 h6 9. Be3 exd5 10. cxd5 a6 11. a4 Re8 12. Nge2 Nbd7 13. Ng3 h5 14. Be2 h4 15. Nf1 Nh7 16. Bf2 f5 17. exf5 gxf5 18. h3 Ne5 19. Nh2 Nc4 20. Qc1 Qg5 21. 0-0 Ne3 22. Bxe3 Qxe3+ 23. Qxe3 Rxe3 24. Rfe1 Bd7 25. Nf1 Re7 26. Bd3 Rae8 27. Rxe7 Rxe7 28. a5 Nf6 29. g4 Nh7 30. Kg2 Be5 31. Re1 Kf8 32. Ne3 Bd4 33. Ncd1 Nf6 34. Bc4 Be8 35. Kf1 fxg4 36. hxg4 Bg6 37. Ke2 Nd7 38. Rh1 Ne5 39. b3 Bc2 40. Nxc2 Nxc4+ 41. Kd3 Ne5+ 42. Ke4 Nxg4+ 43. Kf4 Nf2 44. Nxf2 Bxf2 45. Na3 Re5 46. Rd1 h3 47. Nc4 Re1 0-1

[Event "Chebanenco Memorial"]
[Site "Kishinev"]
[Date "2013.02.21"]
[Round "1"]
[White "Grinev, Valeriy"]
[Black "Agafii, Victor"]
[Result "0-1"]
[WhiteElo "2373"]
[BlackElo "2246"]
[PlyCount "88"]
[EventDate "2013.02.21"]
[EventType "tourn"]
[EventRounds "9"]
[EventCountry "MDA"]
[SourceTitle "EXT 2014"]
[Source "ChessBase"]
[SourceDate "2013.11.20"]
[SourceVersion "1"]
[SourceVersionDate "2013.11.20"]
[SourceQuality "1"]

1. d4 e6 2. c4 Nf6 3. Nc3 Bb4 4. e3 b6 5. Nge2 Bb7 6. a3 Be7 7. d5 e5 8. Ng3 d6 9. Bd3 0-0 10. 0-0 Ne8 11. f4 Nd7 12. Bd2 g6 13. f5 Ng7 14. Qf3 Rc8 15. Nce4 Ne8 16. Ne2 c6 17. N2c3 cxd5 18. Nxd5 Bxd5 19. cxd5 Nc5 20. Nxc5 dxc5 21. Bc3 Qd6 22. Bb5 Nf6 23. e4 Nh5 24. Kh1 Bf6 25. Bc6 Ng7 26. fxg6 fxg6 27. b4 Bg5 28. Qg4 Be3 29. bxc5 bxc5 30. Rab1 Bd4 31. Bd2 c4 32. Rfc1 Rb8 33. Rxb8 Qxb8 34. Bb4 Rf4 35. Qe2 c3 36. Qc4 Nh5 37. d6+ Kg7 38. Qe6 a5 39. d7 axb4 40. Qe7+ Rf7 41. d8Q Qxd8 42. Qxd8 b3 43. Ba4 b2 44. Rd1 Rf2 0-1

[Event "Kishinev Ghimpu Memorial op"]
[Site "Kishinev"]
[Date "2012.11.10"]
[Round "4"]
[White "Agafii, Victor"]
[Black "Golstein, Mihail"]
[Result "1/2-1/2"]
[WhiteElo "2241"]
[BlackElo "2012"]
[PlyCount "52"]
[EventDate "2012.11.09"]
[EventType "swiss"]
[EventRounds "9"]
[EventCountry "MDA"]
[SourceTitle "EXT 2014"]
[Source "ChessBase"]
[SourceDate "2013.11.20"]
[SourceVersion "1"]
[SourceVersionDate "2013.11.20"]
[SourceQuality "1"]

1. d4 d5 2. c4 c6 3. cxd5 cxd5 4. Nc3 e6 5. Bf4 Bd6 6. Bxd6 Qxd6 7. e3 Nf6 8. Bd3 0-0 9. f4 b6 10. Rc1 Ba6 11. Bxa6 Nxa6 12. Qa4 Nb4 13. Qd1 Rfc8 14. Nf3 Ne4 15. 0-0 Nxc3 16. Rxc3 Nxa2 17. Rxc8+ Rxc8 18. Qa1 Nb4 19. Qxa7 f6 20. Ra1 Qc7 21. Qxc7 Rxc7 22. Ne1 Kf7 23. Ra4 Nc2 24. Nxc2 Rxc2 25. Rb4 Rc6 26. Kf2 Ke7 1/2-1/2

[Event "Eforie Nord op 3rd"]
[Site "Eforie Nord"]
[Date "2011.06.24"]
[Round "5"]
[White "Ionescu, Mihai"]
[Black "Agafii, Victor"]
[Result "0-1"]
[WhiteElo "2340"]
[BlackElo "2253"]
[PlyCount "87"]
[EventDate "2011.06.20"]
[EventType "swiss"]
[EventRounds "11"]
[EventCountry "ROU"]
[SourceTitle "CBM 143 Extra"]
[Source "ChessBase"]
[SourceDate "2011.08.29"]
[SourceVersion "1"]
[SourceVersionDate "2011.08.29"]
[SourceQuality "1"]

1. d4 e6 2. c4 Nf6 3. g3 c5 4. Nf3 b6 5. d5 exd5 6. cxd5 d6 7. Bg2 g6 8. Nc3 Bg7 9. 0-0 0-0 10. h3 a6 11. a4 Re8 12. Nd2 Nbd7 13. Nc4 Ne5 14. Na3 Rb8 15. f4 Ned7 16. e4 Nh5 17. Kh2 b5 18. axb5 Bxc3 19. bxc3 axb5 20. c4 b4 21. Nb5 Qb6 22. Bb2 f6 23. Qa4 Ng7 24. Rfe1 Re7 25. Bf1 Ne8 26. Qa5 Qxa5 27. Rxa5 Nb6 28. Bd3 Bd7 29. e5 Bf5 30. Bf1 fxe5 31. fxe5 dxe5 32. Rxe5 Rxe5 33. Bxe5 Ra8 34. Rxa8 Nxa8 35. g4 Be4 36. Kg3 Nb6 37. Kf4 Bc2 38. d6 Kf7 39. Bg2 Ke6 40. Bc6 g5+ 41. Kxg5 Kxe5 42. d7 Nxd7 43. Bxd7 Nd6 44. Bf5 0-1

[Event "Chebanenco Memorial"]
[Site "Kishinev"]
[Date "2009.02.03"]
[Round "5"]
[White "Agafii, Victor"]
[Black "Vavric, Pavel"]
[Result "0-1"]
[WhiteElo "2260"]
[BlackElo "2183"]
[PlyCount "128"]
[EventDate "2009.01.30"]
[EventType "tourn"]
[EventRounds "11"]
[EventCountry "MDA"]
[EventCategory "1"]
[SourceTitle "EXT 2010"]
[Source "ChessBase"]
[SourceDate "2010.11.25"]
[SourceVersion "1"]
[SourceVersionDate "2010.11.25"]
[SourceQuality "1"]

1. d4 g6 2. c4 d6 3. e4 Bg7 4. Nc3 Nc6 5. Nge2 e5 6. d5 Nce7 7. g3 h5 8. h4 c5 9. Bg2 Nh6 10. Qd3 0-0 11. Bd2 a6 12. a4 f5 13. 0-0 b6 14. Rab1 Kh8 15. b4 Neg8 16. bxc5 bxc5 17. Bg5 Bf6 18. Qd2 Nf7 19. Bxf6+ Nxf6 20. Qb2 f4 21. Qd2 Ng4 22. Nd1 Qf6 23. f3 fxg3 24. fxg4 Qxh4 25. Nxg3 Qxg3 26. Rxf7 Rxf7 27. Qh6+ Kg8 28. Qxg6+ Kf8 29. Qh6+ Ke8 30. Ne3 Qf2+ 31. Kh1 Qh4+ 32. Kg1 Qf6 33. Qxh5 Qf2+ 34. Kh1 Qf6 35. g5 Qg7 36. Nf5 Bxf5 37. exf5 Qh7 38. Qxh7 Rxh7+ 39. Kg1 Rh5 40. Kf2 Rxg5 41. Be4 Ra7 42. Rb8+ Kf7 43. a5 Rg8 44. Rb6 Rd8 45. Ke3 Kf6 46. Kf3 Kg5 47. Rb1 Rg7 48. Rg1+ Kf6 49. Rh1 Ke7 50. Rh6 Rf7 51. Kg4 Rg8+ 52. Kh4 Rf6 53. Rh7+ Kf8 54. Kh5 Rg7 55. Rh8+ Ke7 56. Kh4 Rg1 57. Rh7+ Rf7 58. Rh6 Rf6 59. Rh7+ Kf8 60. Kh5 Rg3 61. Ra7 Rf7 62. Ra8+ Ke7 63. f6+ Rxf6 64. Ra7+ Kf8 0-1

[Event "Chebanenco Memorial"]
[Site "Kishinev"]
[Date "2009.02.02"]
[Round "4"]
[White "Podgursky, Sten"]
[Black "Agafii, Victor"]
[Result "0-1"]
[WhiteElo "2255"]
[BlackElo "2260"]
[PlyCount "70"]
[EventDate "2009.01.30"]
[EventType "tourn"]
[EventRounds "11"]
[EventCountry "MDA"]
[EventCategory "1"]
[SourceTitle "EXT 2010"]
[Source "ChessBase"]
[SourceDate "2010.11.25"]
[SourceVersion "1"]
[SourceVersionDate "2010.11.25"]
[SourceQuality "1"]

1. e4 e6 2. d4 d5 3. Nd2 Be7 4. Ngf3 Nf6 5. Bd3 b6 6. Qe2 0-0 7. 0-0 c5 8. exd5 exd5 9. c3 Nh5 10. g3 Bg4 11. Re1 Bd6 12. Qf1 Qc8 13. Ne5 Bh3 14. Qe2 Nf6 15. Ndf3 h6 16. Bf4 g5 17. Be3 Ng4 18. Nxg4 Bxg4 19. h3 Bh5 20. Kg2 Nc6 21. Qc2 f5 22. Ng1 f4 23. Bd2 Rf6 24. Be2 Bxe2 25. Rxe2 cxd4 26. g4 Ne5 27. Rxe5 Bxe5 28. Nf3 dxc3 29. bxc3 Bd6 30. Re1 Qc4 31. Nd4 Rc8 32. Qb1 Bf8 33. Re6 Rxe6 34. Nxe6 Qe4+ 35. Qxe4 dxe4 0-1

[Event "Chebanenco Memorial"]
[Site "Kishinev"]
[Date "2009.01.31"]
[Round "2"]
[White "Partac, Elena"]
[Black "Agafii, Victor"]
[Result "0-1"]
[WhiteElo "2169"]
[BlackElo "2260"]
[PlyCount "72"]
[EventDate "2009.01.30"]
[EventType "tourn"]
[EventRounds "11"]
[EventCountry "MDA"]
[EventCategory "1"]
[SourceTitle "EXT 2010"]
[Source "ChessBase"]
[SourceDate "2010.11.25"]
[SourceVersion "1"]
[SourceVersionDate "2010.11.25"]
[SourceQuality "1"]

1. e4 c5 2. Nc3 d6 3. g3 Nc6 4. Bg2 g6 5. d3 Bg7 6. Nge2 e6 7. 0-0 Nge7 8. Be3 Nd4 9. Qd2 0-0 10. f4 Rb8 11. Rae1 b5 12. Nc1 b4 13. Nd1 Qa5 14. c3 Ndc6 15. f5 exf5 16. exf5 Bxf5 17. Rxf5 gxf5 18. Bh6 bxc3 19. bxc3 Ne5 20. Bxg7 Kxg7 21. Qg5+ N5g6 22. h4 h6 23. Qd2 Rfe8 24. h5 Ne5 25. Nb3 Qb6 26. c4 Qb4 27. Nc3 a5 28. Rb1 a4 29. Nc1 Qxb1 30. Nxb1 Rxb1 31. Qc3 Reb8 32. Kh2 R8b2 33. Kh3 Rf2 34. d4 Rbb2 35. dxe5 Rxg2 36. exd6+ f6 0-1

[Event "MDA-ch"]
[Site "Kishinev"]
[Date "2009.01.27"]
[Round "12"]
[White "Nevednichy, Boris M"]
[Black "Agafii, Victor"]
[Result "1-0"]
[WhiteElo "2305"]
[BlackElo "2260"]
[PlyCount "215"]
[EventDate "2009.01.16"]
[EventType "tourn"]
[EventRounds "13"]
[EventCountry "MDA"]
[EventCategory "3"]
[SourceTitle "EXT 2010"]
[Source "ChessBase"]
[SourceDate "2010.11.25"]
[SourceVersion "1"]
[SourceVersionDate "2010.11.25"]
[SourceQuality "1"]

1. e4 e6 2. d4 d5 3. e5 c5 4. c3 Nc6 5. Nf3 Qb6 6. a3 Nh6 7. b4 cxd4 8. cxd4 Nf5 9. Bb2 Bd7 10. g4 Nfe7 11. h3 Rc8 12. Nc3 Na5 13. Na4 Qc6 14. Nc5 Nc4 15. Bc1 b6 16. Nxd7 Qxd7 17. Bd3 h5 18. 0-0 Nc6 19. Kg2 Be7 20. b5 N6a5 21. a4 Qd8 22. Ng1 g6 23. Ne2 Bb4 24. Rb1 Qe7 25. Ng3 hxg4 26. hxg4 Bc3 27. Be3 Kd7 28. Qf3 Rh4 29. Rh1 Rch8 30. Rxh4 Rxh4 31. Bxc4 Nxc4 32. Rc1 Bd2 33. Bxd2 Nxd2 34. Qf4 Nc4 35. Ne4 Rh8 36. Ng5 Ke8 37. Rc3 Rg8 38. Rh3 Nb2 39. Nh7 Kd8 40. Nf6 Rf8 41. Rh7 Qb4 42. Rg7 Nd3 43. Qe3 Ne1+ 44. Kg3 Nc2 45. Qd3 Qxd4 46. Qxd4 Nxd4 47. Nh7 Re8 48. Rxf7 Re7 49. Rf8+ Kc7 50. Nf6 Ne2+ 51. Kh4 d4 52. Ne4 g5+ 53. Kxg5 Rg7+ 54. Kh5 Rh7+ 55. Kg6 Rh4 56. Rf7+ Kb8 57. Kg5 Rh1 58. Kf6 Nc3 59. Nd6 d3 60. Rb7+ Ka8 61. Rd7 Rh8 62. Kg7 Rb8 63. Nc4 Nd5 64. g5 Rc8 65. Ne3 Rc5 66. Nxd5 Rxd5 67. Rxd5 exd5 68. e6 d2 69. e7 d1Q 70. e8Q+ Kb7 71. Qc6+ Kb8 72. g6 d4 73. Kf7 Qb3+ 74. Qe6 Qf3+ 75. Qf6 Qb7+ 76. Qe7 d3 77. g7 Qf3+ 78. Kg6 Qg4+ 79. Qg5 Qe6+ 80. Kh7 Qh3+ 81. Qh6 Qf5+ 82. Kh8 Qe5 83. f4 Qd4 84. f5 d2 85. f6 d1Q 86. g8Q+ Qd8 87. Qxd8+ Qxd8+ 88. Kg7 Qd4 89. Qh2+ Kb7 90. Qg2+ Kb8 91. Qc6 Qg4+ 92. Kf8 Qxa4 93. Qd6+ Kc8 94. Qe6+ Kb7 95. Qd7+ Kb8 96. Qe8+ Kb7 97. f7 Qg4 98. Qc6+ Kb8 99. Ke8 Qh5 100. Qd6+ Kb7 101. Qe7+ Kb8 102. Qd6+ Kb7 103. Ke7 Qg5+ 104. Qf6 Qc5+ 105. Ke6 Qc4+ 106. Kf5 Qd5+ 107. Qe5 Qd3+ 108. Qe4+ 1-0

[Event "MDA-ch"]
[Site "Kishinev"]
[Date "2009.01.23"]
[Round "8"]
[White "Gostev, Serghei"]
[Black "Agafii, Victor"]
[Result "1-0"]
[WhiteElo "2256"]
[BlackElo "2260"]
[PlyCount "47"]
[EventDate "2009.01.16"]
[EventType "tourn"]
[EventRounds "13"]
[EventCountry "MDA"]
[EventCategory "3"]
[SourceTitle "EXT 2010"]
[Source "ChessBase"]
[SourceDate "2010.11.25"]
[SourceVersion "1"]
[SourceVersionDate "2010.11.25"]
[SourceQuality "1"]

1. c4 c5 2. Nc3 Nf6 3. e4 d6 4. g3 b6 5. Bg2 Bb7 6. Nge2 e5 7. 0-0 Nc6 8. f4 Be7 9. d3 h6 10. Nd5 Qd7 11. a3 Nxd5 12. exd5 Nd4 13. fxe5 dxe5 14. Nxd4 exd4 15. Qh5 0-0 16. Bh3 Qc7 17. Bf4 Bd6 18. Bxh6 gxh6 19. Rf6 Be5 20. Rxh6 Rfe8 21. Bf5 Kf8 22. Re1 Rad8 23. d6 Rxd6 24. Rh8+ 1-0

[Event "MDA-ch"]
[Site "Kishinev"]
[Date "2009.01.18"]
[Round "3"]
[White "Podgursky, Sten"]
[Black "Agafii, Victor"]
[Result "1/2-1/2"]
[WhiteElo "2255"]
[BlackElo "2260"]
[PlyCount "32"]
[EventDate "2009.01.16"]
[EventType "tourn"]
[EventRounds "13"]
[EventCountry "MDA"]
[EventCategory "3"]
[SourceTitle "EXT 2010"]
[Source "ChessBase"]
[SourceDate "2010.11.25"]
[SourceVersion "1"]
[SourceVersionDate "2010.11.25"]
[SourceQuality "1"]

1. e4 c5 2. Nf3 d6 3. Bb5+ Nc6 4. c3 a6 5. Ba4 b5 6. Bc2 e5 7. a4 Bd7 8. 0-0 Nf6 9. d4 h6 10. Na3 Rb8 11. axb5 axb5 12. dxc5 dxc5 13. Qe2 Qb6 14. h3 Be7 15. Be3 Qb7 16. Nh4 0-0 1/2-1/2

[Event "Timisoara IM"]
[Site "Timisoara"]
[Date "2008.08.06"]
[Round "7"]
[White "Dragomirescu, Robin Alexandru"]
[Black "Agafii, Victor"]
[Result "0-1"]
[WhiteElo "2232"]
[BlackElo "2306"]
[PlyCount "78"]
[EventDate "2008.08.02"]
[EventType "tourn"]
[EventRounds "9"]
[EventCountry "ROU"]
[EventCategory "3"]
[SourceTitle "CBM 125 Extra"]
[Source "ChessBase"]
[SourceDate "2008.09.01"]
[SourceVersion "1"]
[SourceVersionDate "2008.09.01"]
[SourceQuality "1"]

1. e4 e6 2. d4 d5 3. Nc3 Bb4 4. e5 Qd7 5. a3 Bxc3+ 6. bxc3 b6 7. Qg4 f5 8. Qg3 Ba6 9. Bxa6 Nxa6 10. Ne2 Nb8 11. Nf4 Nc6 12. h4 0-0-0 13. h5 Nh6 14. Ne2 Na5 15. Bxh6 gxh6 16. Nf4 Rhg8 17. Qd3 Nc4 18. Ke2 Rde8 19. a4 a5 20. g3 Kb7 21. Rhg1 Rg4 22. Rgb1 Reg8 23. Qf3 Qf7 24. Rh1 R8g5 25. Rab1 Qg8 26. Rh3 Qe8 27. Rb3 Rxf4 28. gxf4 Rg1 29. Rh1 Rxh1 30. Qxh1 Qxa4 31. Kd3 Qe8 32. Rb1 a4 33. Rb4 a3 34. Rb1 Qa4 35. Rb4 Qa6 36. Qa1 Nxe5+ 37. Ke3 Nc4+ 38. Kf3 a2 39. Kg3 Nd2 0-1

[Event "Timisoara IM"]
[Site "Timisoara"]
[Date "2008.08.04"]
[Round "4"]
[White "Agafii, Victor"]
[Black "Sfarlog, Tudor Vlad"]
[Result "1/2-1/2"]
[WhiteElo "2306"]
[BlackElo "2288"]
[PlyCount "87"]
[EventDate "2008.08.02"]
[EventType "tourn"]
[EventRounds "9"]
[EventCountry "ROU"]
[EventCategory "3"]
[SourceTitle "CBM 125 Extra"]
[Source "ChessBase"]
[SourceDate "2008.09.01"]
[SourceVersion "1"]
[SourceVersionDate "2008.09.01"]
[SourceQuality "1"]

1. d4 f5 2. c4 Nf6 3. Nf3 e6 4. Bf4 Be7 5. Nbd2 0-0 6. e3 d5 7. Be2 c6 8. 0-0 Nbd7 9. a3 Ne4 10. Nxe4 fxe4 11. Ne5 Nxe5 12. Bxe5 Bd6 13. Bxd6 Qxd6 14. c5 Qe7 15. f4 exf3 16. Rxf3 Rxf3 17. Bxf3 e5 18. dxe5 Qxe5 19. Qd4 Qxd4 20. exd4 b6 21. Rc1 Bd7 22. Rc3 b5 23. Re3 Kf8 24. Kf2 a5 25. Ke2 Rb8 26. Kd2 Rb7 27. Be2 Bc8 28. Bd3 g6 29. Re5 Re7 30. Ke3 Rxe5+ 31. dxe5 Kf7 32. Kf4 h6 33. h4 Be6 34. g3 Kg7 35. Bc2 Kf7 36. Bd3 Kg7 37. g4 Kf7 38. g5 h5 39. Bb1 Kg7 40. Bc2 Kf7 41. Bd3 Kg7 42. Ke3 Kf7 43. Kf4 Kg7 44. Ke3 1/2-1/2